000 00443nam a22001577a 4500
005 20251108163335.0
008 250721s1993 xx 000 0 ara d
082 1 4 _a170/جور
100 1 _aخوام، جورج عبد الكريم
245 1 0 _aتعصب و تسامح :
_bمواقف في البطولة و الأخلاق /
264 1 _aبيروت :
_c1993.
300 _a72ص
650 1 7 _aالأخلاق
942 _2ddc
_cBK
999 _c235
_d235